000 01880nam a22002297a 4500
999 _c58484
_d58484
003 Ge_BSU
005 20221221133100.0
008 220408s2022 ge ||||| |||| 00| 0 geo d
041 _ageo
080 _a33 ს-96
100 _aსუქნიშვილი, მირზა
_913647
245 _aაგრობიზნესის განვითარების შემაფერხებელი ფაქტორები და პრიორიტეტული საჭიროებები აჭარის ავტონომიური რესპუბლიკის მაგალითზე :
_bდისერტაცია /
_cმირზა სუქნიშვილი; სამეცნიერო ხელმძღვანელი ბადრი გეჩბაია, ეთერ ხარაიშვილი; ბათუმის შოთა რუსტაველის სახელმწიფო უნივერსიტეტი. ეკონომიკისა და ბიზნესის ფაკულტეტი.
264 _aბათუმი,
_c2022.
300 _a162 გვ. :
_bილ.;
_c30 სმ.
504 _aბიბლიოგრ. გვ. 138-156
653 _aეკონომიკა
653 _aდისერტაცია
700 _aგეჩბაია, ბადრი
_eსამეცნიერო ხელმძღვანელი
_913648
700 _aხარაიშვილი, ეთერ
_eსამეცნიერო ხელმძღვანელი
_92000
710 _aბათუმის შოთა რუსტაველის სახელმწიფო უნივერსიტეტი
_bეკონომიკისა და ბიზნესის ფაკულტეტი
_913649
942 _2udc
_cDS